000 00551nam a2200157 4500
999 _c16917
_d16917
008 220519b ||||| |||| 00| 0 eng d
022 _a0117-3308
082 _aDPer 004.1105 C73 Sept 2010 - April 2011 v. 20 n. 3-9
100 _aLamoreaux, Kristen.
_945154
245 _aWhy promoting from within:
_bpays off/
_cKristen Lamoreaux.
260 _aPhilippines:
_bSchneider Electric,
_c©2010-2011.
300 _av20 n5, page 49:
_bcolor illustrations;
_c27 cm.
500 _aComputer world.
650 _aPersonnel management.
_945155
942 _2ddc
_cPER